| 000 | 00907nam a22002297a 4500 | ||
|---|---|---|---|
| 999 |
_c7103 _d7103 |
||
| 003 | AR-CdUCM | ||
| 008 | 190319b ||||| |||| 00| 0 spa d | ||
| 040 |
_aMUNICIPALIDAD PROVINCIAL DEL CUSCO _cBIBLIOTECA MUNICIPAL DEL CUSCO |
||
| 041 | _heng | ||
| 082 |
_21ed. (segunda impresión) _a633.7 / _bH11 |
||
| 100 |
_aHaarer, A. E. _919506 |
||
| 245 | _aProducción moderna del café / | ||
| 260 |
_aMéxico : _bContinental, _c1977. |
||
| 300 |
_a652 páginas ; _blaminas, tablas, figuras, _c23 cm. |
||
| 505 | _aContenido: Los albores de la historia del café -- Las especies económicas del café -- Genética y mejoramiento -- Medio ambiente y fisiología -- Sombras y rompevientos ... | ||
| 650 |
_aCafé _920012 |
||
| 650 |
_aProducción _91785 |
||
| 650 |
_aPlantación, cosecha, poda, plagas _920013 |
||
| 700 |
_aGodinez Noriega, Marcos (traducción) _920014 |
||
| 942 |
_2ddc _cLIBROS |
||
| 945 | _aachl | ||